Monet ou Manet ? - Statistiques

Statistiques générales
  • Ce quiz a été pris 12 257 fois
  • Le résultat moyen est 10 sur 15
Statistiques - réponses
Hint Réponse % Correct
Claude Monet
90%
Claude Monet
89%
Claude Monet
85%
Edouard Manet
84%
Edouard Manet
78%
Edouard Manet
76%
Claude Monet
71%
Edouard Manet
71%
Edouard Manet
63%
Claude Monet
59%
Edouard Manet
57%
Claude Monet
52%
Edouard Manet
52%
Claude Monet
46%
Edouard Manet
31%
Aucun quiz correspondant
Distribution des résultats
% des personnes avec chaque résultat
Percentile par nombre de réponses
Votre historique - résultats
Vous n’avez pas pris ce quiz